000 00398cam a22000977a 4500
008 180718b1980 xxu||||| |||| 00| 0 eng d
245 _aIndian standard guide for the preparation of bibliographic description sheet for technical reports
_cby Indian Standrads Institution, India
260 _aNew Delhi
_bIndian Standrads Institution
_c1980
300 _a8p.
700 _aIndia. Indian Standrads Institution
999 _c498207
_d498207